Statistics for Top 10 Countries With Most Advanced Technology

Click here to take the quiz!

General Stats

  • This quiz has been taken 132 times
    (118 since last reset)
  • The average score is 9 of 10

Answer Stats

RankAnswer% Correct
2United States
100%
1Japan
99%
5China
95%
7United Kingdom
95%
4Germany
94%
3South Korea
91%
8Canada
89%
10Australia
86%
6India
69%
9Sweden
64%

Score Distribution

Percentile by Number Answered

Percent of People with Each Score

Your Score History

You have not taken this quiz since the last reset